000 00376nam a22001217a 4500
082 _a657.046 SPE
100 _aSpecialized & advanced financial accounting
245 _aspecialized & advanced financial accounting
260 _acanada
_bthe chartered accountants course of instruction
_c1967
300 _bill; 28cm.
500 _ainclude references, bibliography
942 _cBK
999 _c18315
_d18315